Celebrare la misericordia
Saved in:
| Corporate Author: | |
|---|---|
| Format: | Book |
| Language: | Italian |
| Published: |
Milán
San Paolo
2015
|
| Edition: | 1a. ed |
| Series: | Misericordiosi Come Il Padre
|
| Subjects: | |
| Tags: |
Add Tag
No Tags, Be the first to tag this record!
|
MARC
| LEADER | 00000cam a2200000 a 4500 | ||
|---|---|---|---|
| 001 | UCD7505 | ||
| 003 | CL-VaPUC | ||
| 008 | 170326e20150000it |||||||||||||||||ita|d | ||
| 020 | |a 9788821596230 | ||
| 082 | 0 | 4 | |a 212.7 |b PON |2 21 |
| 110 | 2 | |a Pontificio Consiglio per la Promozione Della Nuova Evangelizzazione |e author |9 591535 | |
| 245 | 1 | 0 | |a Celebrare la misericordia |
| 250 | |a 1a. ed | ||
| 300 | |a 152 p | ||
| 942 | |c BK | ||
| 945 | |d 20170326 03:36:00 |a arojas | ||
| 260 | |a Milán |b San Paolo |c 2015 | ||
| 650 | 0 | |a Misericordia |9 315519 | |
| 650 | 0 | |a Existencia de Dios |9 266954 | |
| 650 | 0 | |a Atributos |9 556246 | |
| 583 | |a last modification |c 20170326 03:36:00 |k Rodrigo Vera | ||
| 490 | 0 | |a Misericordiosi Come Il Padre | |
| 999 | |c 367521 |d 367519 | ||
| 952 | |0 0 |1 0 |3 erb |4 0 |6 212_700000000000000_PON_2015 |7 0 |8 A |9 482436 |a BIBTEO |b BIBTEO |i 536826K |o 212.7 PON 2015 |p 536826K |r 2025-01-17 |w 2019-11-24 |y BK |z Catalogado en:20170326 |k ICR | ||